CASH`S TEXT BOOK OF ORTHOPAEDICS & RHEUMATOLOGY FOR PHYSIOTHERAPIES / (Record no. 796327)

MARC details
000 -LEADER
fixed length control field 00529pam a2200181 a 4500
020 ## - INTERNATIONAL STANDARD BOOK NUMBER
International Standard Book Number 0713418330
Terms of availability 295.00
041 ## - LANGUAGE CODE
Language code of text/sound track or separate title eng
Language code of original NULL
082 ## - DEWEY DECIMAL CLASSIFICATION NUMBER
Classification number 617.3
Item number DOW
100 ## - MAIN ENTRY--PERSONAL NAME
Personal name DOWNIE, P .
245 ## - TITLE STATEMENT
Title CASH`S TEXT BOOK OF ORTHOPAEDICS & RHEUMATOLOGY FOR PHYSIOTHERAPIES /
Statement of responsibility, etc. NULL.
Medium Textual Documents
260 ## - PUBLICATION, DISTRIBUTION, ETC.
Place of publication, distribution, etc. NULL :
Name of publisher, distributor, etc. JAYPEE BROTHERS MEDICAL PUB. ,
Date of publication, distribution, etc. 1993.
300 ## - PHYSICAL DESCRIPTION
Extent 638 :
Other physical details XIII ;
Dimensions NULL .
365 ## - TRADE PRICE
Price type code 295.00
Price note 4
650 ## - SUBJECT ADDED ENTRY--TOPICAL TERM
Topical term or geographic name entry element ORTHO
907 ## - LOCAL DATA ELEMENT G, LDG (RLIN)
a 4507
-- 4508
-- 4509
-- 4510
930 ## - EQUIVALENCE OR CROSS-REFERENCE-UNIFORM TITLE HEADING [LOCAL, CANADA]
Uniform title 1791
Holdings
Withdrawn status Lost status Damaged status Not for loan Home library Current library Date acquired Cost, normal purchase price Total Checkouts Full call number Barcode Date last seen Copy number Price effective from Koha item type Date due Date last checked out
        Medical College & Hospital, Sangli Medical College & Hospital, Sangli 28/11/2011 295.00   617.3 DOW MCS-4510 26/07/2023 5 26/07/2023 Book    
        Medical College & Hospital, Sangli Medical College & Hospital, Sangli 28/11/2011 295.00   617.3 DOW MCS-4509 26/07/2023 4 26/07/2023 Book    
        Medical College & Hospital, Sangli Medical College & Hospital, Sangli 28/11/2011 295.00   617.3 DOW MCS-4508 26/07/2023 3 26/07/2023 Book    
        Medical College & Hospital, Sangli Medical College & Hospital, Sangli 28/11/2011 295.00   617.3 DOW MCS-4507 26/07/2023 2 26/07/2023 Book    
        Medical College & Hospital, Sangli Medical College & Hospital, Sangli 28/11/2011 295.00 1 617.3 DOW MCS-4506 06/10/2023 1 26/07/2023 Book 01/10/2043 06/10/2023